|
|
|
|
| LEADER |
00000nam0a2200000 4500 |
| 001 |
214881 |
| 005 |
20231101225927.0 |
| 010 |
|
|
|a 1857756762
|
| 035 |
|
|
|a (RuTPU)RU\TPU\book\234772
|
| 090 |
|
|
|a 214881
|
| 100 |
|
|
|a 20120502d2004 k y0engy50 ba
|
| 101 |
0 |
|
|a eng
|
| 102 |
|
|
|a GB
|
| 105 |
|
|
|a y z 001zy
|
| 200 |
1 |
|
|a 1000 EMQs for PLAB based on current exams
|f Sh. W. Helmy
|
| 205 |
|
|
|a 2nd ed.
|
| 210 |
|
|
|a Oxford
|c Radcliffe Publishing
|d 2004
|
| 215 |
|
|
|a 185 p.
|
| 225 |
1 |
|
|a Master Pass
|
| 320 |
|
|
|a Appendix: p. 184-185.
|
| 606 |
1 |
|
|a Медицина
|2 stltpush
|3 (RuTPU)RU\TPU\subj\41780
|9 61564
|
| 610 |
1 |
|
|a медицинские работники
|
| 610 |
1 |
|
|a высшие учебные заведения
|
| 610 |
1 |
|
|a тесты
|
| 610 |
1 |
|
|a заболевания
|
| 610 |
1 |
|
|a болезни
|
| 610 |
1 |
|
|a медицинское образование
|
| 610 |
1 |
|
|a лечение
|
| 610 |
1 |
|
|a лечебные учреждения
|
| 675 |
|
|
|a 61
|v 3
|
| 700 |
|
1 |
|a Helmy
|b Sh. W.
|g Sherif W.
|
| 801 |
|
1 |
|a RU
|b 63413507
|c 20120502
|
| 801 |
|
2 |
|a RU
|b 63413507
|c 20120516
|g RCR
|
| 942 |
|
|
|c BK
|